ბათუმის შოთა რუსთაველის სახელმწიფო უნივერსიტეტის ბიბლიოთეკა

სარფს გაღმა:სამი მოთხრობა თანამედროვე თურქეთის ცხოვრებიდან (ბიბ.ჩანაწერი № 43528)

000 -LEADER
fixed length control field 00912nam a2200205Ia 4500
001 - CONTROL NUMBER
control field 10259
003 - CONTROL NUMBER IDENTIFIER
control field GE_BSU
008 - FIXED-LENGTH DATA ELEMENTS--GENERAL INFORMATION
fixed length control field 181216s||||||||xx |||||||||||||| ||und||
040 ## - CATALOGING SOURCE
Transcribing agency GE_BSU
080 ## - UNIVERSAL DECIMAL CLASSIFICATION NUMBER
Universal Decimal Classification number 821.353.1–32
100 ## - MAIN ENTRY--PERSONAL NAME
Personal name რუსიძე,კაპიტონ
245 ## - TITLE STATEMENT
Title სარფს გაღმა:სამი მოთხრობა თანამედროვე თურქეთის ცხოვრებიდან
245 ## - TITLE STATEMENT
Statement of responsibility, etc. რედ.შ.ქურიძე.მხატვ.გ.მოისწრაფიშვილი
260 ## - PUBLICATION, DISTRIBUTION, ETC.
Place of publication, distribution, etc. ბათუმი
260 ## - PUBLICATION, DISTRIBUTION, ETC.
Name of publisher, distributor, etc. აჭარის ასსრ სახელგამი
260 ## - PUBLICATION, DISTRIBUTION, ETC.
Date of publication, distribution, etc. 1951
300 ## - PHYSICAL DESCRIPTION
Extent 79გვ.17სმ.
653 ## - INDEX TERM--UNCONTROLLED
Uncontrolled term სარფს გაღმა:სამი მოთხრობა თანამედროვე თურქეთის ცხოვრებიდან
942 ## - ADDED ENTRY ELEMENTS (KOHA)
Koha item type წიგნი
ეგზემპლარები
Withdrawn status Lost status Damaged status Not for loan Date acquired Barcode Date last seen Price effective from Koha item type
        2018-12-17 33538 2018-12-17 2018-12-17 წიგნი
        2018-12-17 33539 2018-12-17 2018-12-17 წიგნი